[Event "Pardubice op"]
[Site "Pardubice"]
[Date "1992.??.??"]
[Round "2"]
[White "Sergeev, Vladimir"]
[Black "Prymula, Roman"]
[Result "1-0"]
[WhiteElo "2425"]
[BlackElo "2250"]

1.c4 c5 2.Nf3 Nf6 3.Nc3 d5 4.cxd5 Nxd5 5.g3 Nc6 6.Bg2 Nc7 7.O-O e5 8.b3 Bd7
9.Bb2 Be7 10.Rc1 f6 11.Na4 b6 12.Nh4 Rc8 13.f4 exf4 14.gxf4 O-O 15.Kh1 Nd4
16.e3 Nf5 17.Nf3 Qe8 18.e4 Nh6 19.Nc3 Qh5 20.Qe1 Bh3 21.Qg3 Bxg2+ 22.Qxg2 Qg4
23.Rg1 Qxg2+ 24.Rxg2 Rfd8 25.Rcg1 Bf8 26.f5 Rd3 27.Ne1 Rd7 28.Nd1 Kh8 29.Nf3 Re8
30.Nf2 Nb5 31.a4 Nd4 32.Bxd4 cxd4 33.Rc1 Nf7 34.Rc4 d3 35.Rd4 Rxd4 36.Nxd4 Ng5
37.Nb5 Nxe4 38.Nxd3 Rd8 39.Re2 Rxd3 40.Rxe4 Rxd2 41.Nxa7 Rb2 42.Re8 Kg8 43.Rb8 Rxb3
44.a5 b5 45.Nxb5 Rb1+ 46.Kg2 Ra1 47.Nd4 Kf7 48.Rb7+ Ke8 49.Ne6 Be7 50.a6 Kf7
51.a7 g6 52.Nc7 Ra2+ 53.Kf1  1-0

[Event "Pardubice op"]
[Site "Pardubice"]
[Date "1992.??.??"]
[Round "8"]
[White "Panchenko, Alexander N"]
[Black "Ftacnik, Lubomir"]
[Result "1/2-1/2"]
[WhiteElo "2465"]
[BlackElo "2535"]

1.Nf3 Nf6 2.c4 c5 3.Nc3 e6 4.g3 b6 5.Bg2 Bb7 6.O-O Be7 7.b3 O-O 8.Bb2 a6
9.e3 d6 10.Qe2 Nbd7 11.Rac1 b5 12.d3 Qb8 13.Rfd1 Nb6 14.Nd2 Bxg2 15.Kxg2 Qb7+
16.Qf3 Rfb8 17.Qxb7 Rxb7 18.Nce4 Ne8 19.g4 bxc4 20.Nxc4 Nxc4 21.dxc4 a5 22.Nc3 Bf6
23.Na4 Bxb2 24.Nxb2  1/2-1/2

[Event "Paris-ch"]
[Site "Paris"]
[Date "1992.??.??"]
[Round "2"]
[White "Noradounguian, Georges"]
[Black "Badii, Madjid"]
[Result "1/2-1/2"]
[WhiteElo "2215"]
[BlackElo "2260"]

1.c4 c5 2.Nf3 Nf6 3.Nc3 e6 4.d4 cxd4 5.Nxd4 a6 6.a3 Qc7 7.e4 Nc6 8.Be3 b6
9.Be2 Bb7 10.f3 Be7 11.O-O O-O 12.Rc1 Rfc8 13.Kh1 Qb8 14.Na4 Bd8 15.b4 d6
16.Nb3 Nd7 17.Qd2 Na7 18.Rfd1 Bc6 19.Nb2 Be7 20.Rc2 Nf6 21.Bf4 Rd8 22.Qe1 Be8
23.Qf2 Nc6 24.Be3 b5 25.Nd4 Nxd4 26.Bxd4 e5 27.Be3 Bc6 28.Rdc1 bxc4 29.Rxc4 Be8
30.Rc7 Bf8 31.Bd1 Rd7 32.Rxd7 Bxd7 33.Bb3 a5 34.Qd2 axb4 35.axb4 Be6 36.Bxe6 fxe6
37.h4 d5 38.Bc5 dxe4 39.Bxf8 Qxf8 40.fxe4 Nxe4 41.Qd7 Ng3+ 42.Kh2 Ne2 43.Qxe6+ Kh8
44.Re1 Qf4+ 45.Kh1 Qd2 46.Nd3 Qxd3 47.Qxe5 Ng3+ 48.Kh2 Nf1+ 49.Kg1 Rf8 50.Qe7 Qd8
51.Qe5 Qb6+ 52.Qc5 Qf6 53.b5 Ng3 54.Re6 Qf4 55.Qd6 Qf2+ 56.Kh2 h6 57.Rxh6+ Kg8
58.Qe6+ Qf7 59.Qxf7+ Rxf7  1/2-1/2

[Event "Paris-ch"]
[Site "Paris"]
[Date "1992.??.??"]
[Round "3"]
[White "Le Bideau, Alain"]
[Black "Pigusov, Evgeny"]
[Result "0-1"]
[WhiteElo "2290"]
[BlackElo "2550"]

1.c4 c5 2.Nc3 Nf6 3.Nf3 b6 4.g3 Bb7 5.Bg2 g6 6.d3 Bg7 7.O-O O-O 8.e4 Nc6
9.Rb1 Ne8 10.a3 Nc7 11.Nd5 Ne6 12.b4 d6 13.b5 Ncd4 14.Ne1 Nc7 15.Ne3 a6 16.a4 axb5
17.axb5 Ra2 18.N1c2 Nce6 19.Kh1 f5 20.f4 Qa8 21.Nxd4 Nxd4 22.Nd5 e6 23.Nc3 Rxg2
24.Kxg2 fxe4 25.Kg1 Nf3+ 26.Rxf3 exf3 27.Bd2 Bd4+ 28.Kf1 f2  0-1

[Event "Paris-ch"]
[Site "Paris"]
[Date "1992.??.??"]
[Round "6"]
[White "Bartels, Hans A"]
[Black "Badii, Madjid"]
[Result "1-0"]
[WhiteElo "2350"]
[BlackElo "2260"]

1.c4 c5 2.Nf3 Nf6 3.Nc3 e6 4.g3 b6 5.Bg2 Bb7 6.O-O d6 7.d4 cxd4 8.Qxd4 a6
9.Bg5 Nbd7 10.Nd2 Bxg2 11.Kxg2 h6 12.Bxf6 Qxf6 13.Qe4 Qd8 14.f4 Be7 15.f5 e5
16.Nd5 O-O 17.Qf3 f6 18.Ne4 Nc5 19.Rfd1 Nxe4 20.Qxe4 Ra7 21.a4 Re8 22.Rd3 Bf8
23.Rb3 a5 24.Rxb6 Qd7 25.b3 Kh8 26.Rd1 Rea8 27.Rb5 Qf7 28.Nc3 Qh5 29.Qf3 Qf7
30.Ne4 Rd8 31.Rbd5 Rad7 32.Rxa5 d5 33.Raxd5 Rxd5 34.cxd5 Rxd5 35.Ng5  1-0

[Event "Paris-ch"]
[Site "Paris"]
[Date "1992.??.??"]
[Round "7"]
[White "Bernard, Christophe"]
[Black "Pira, Davoud"]
[Result "0-1"]
[WhiteElo "2270"]
[BlackElo "2335"]

1.Nf3 c5 2.c4 Nf6 3.Nc3 e6 4.e3 d6 5.d4 Nbd7 6.Bd3 b6 7.O-O Bb7 8.b3 Be7
9.Bb2 O-O 10.Re1 Rc8 11.e4 cxd4 12.Nxd4 Nc5 13.Bc2 Qc7 14.Re3 Rfd8 15.Qe2 g6
16.Re1 a6 17.Rh3 e5 18.Nd5 Bxd5 19.exd5 exd4 20.Bxd4 Ncd7 21.Qd2 Bf8 22.f4 Re8
23.Rf1 Bg7 24.f5 b5 25.fxg6 fxg6 26.Qf2 Rf8 27.Qh4 Ne5 28.Bxe5 dxe5 29.Bd3 Nh5
30.Bf5 Qc5+ 31.Kh1 bxc4 32.g4 Qxd5+ 33.Kg1 Qd4+ 34.Kh1 c3 35.gxh5 Rxf5  0-1

[Event "Paris-ch"]
[Site "Paris"]
[Date "1992.??.??"]
[Round "9"]
[White "Ragozin, Evgeni"]
[Black "Bartels, Hans A"]
[Result "1-0"]
[WhiteElo "2415"]
[BlackElo "2350"]

1.c4 Nf6 2.Nc3 c5 3.Nf3 e6 4.e3 d5 5.d4 cxd4 6.exd4 Bb4 7.cxd5 Nxd5 8.Bd2 Nc6
9.Bd3 Be7 10.a3 Bf6 11.O-O O-O 12.Qc2 h6 13.Be3 Nxe3 14.fxe3 g6 15.Rad1 Bg7
16.Bc4 Qa5 17.Kh1 Ne7 18.e4 Bd7 19.Qb3 Qc7 20.Bb5 Rad8 21.Bd3 Bc8 22.Bb1 b6
23.Rfe1 Bb7 24.Ba2 Qf4 25.Qa4 a6 26.Qb4 Qd6 27.Qc4 b5 28.Qe2 Qb6 29.Qd2 Rd7
30.Re3 Rfd8 31.Rd3 Kh7 32.Qf4 Kg8 33.Ne2 Qc7 34.Qe3 Qb8 35.Nf4 Kh7 36.Nxe6 fxe6
37.Bxe6 Rc7 38.Ng5+ hxg5 39.Qxg5 Bh6 40.Rh3 Ng8 41.Bxg8+ Kxg8 42.Qxh6 Rf8
43.Qh8+ Kf7 44.Rh7+ Ke8 45.Qe5+  1-0

[Event "Peristeri"]
[Site "Peristeri"]
[Date "1992.??.??"]
[Round "3"]
[White "Spassov, Liuben"]
[Black "Pandavos, Panayotis"]
[Result "1/2-1/2"]
[WhiteElo "2405"]
[BlackElo "2340"]

1.Nf3 c5 2.c4 Nf6 3.Nc3 d5 4.cxd5 Nxd5 5.g3 Nc6 6.Bg2 Nc7 7.O-O g6 8.d3 Bg7
9.Be3 b6 10.a3 O-O 11.Rb1 Rb8 12.Qd2 a5 13.Bh6 e5 14.Bxg7 Kxg7 15.b4 axb4
16.axb4 cxb4 17.Na2 Na6 18.Rfc1 Bb7 19.Qe3 f6 20.Ng5 Nd4 21.Qxd4 exd4 22.Ne6+ Kg8
23.Nxd8 Rfxd8 24.Nxb4 Nxb4 25.Rxb4 Bxg2 26.Kxg2 b5 27.Rc6 Kg7 28.Rc7+ Kg8
29.f4 Rd5 30.Re7 g5 31.Kf3 gxf4 32.gxf4 Rh5 33.Kg3 Kf8 34.Re4 Kf7 35.h3 Rd5
36.Rexd4 Rxd4 37.Rxd4 b4 38.Rc4 b3 39.Rc1 Ke6 40.Kf3 Kd5 41.Ke3 Rb4 42.Rb1 b2
43.Kd2 Rxf4 44.Rxb2 Rh4  1/2-1/2

[Event "Peristeri"]
[Site "Peristeri"]
[Date "1992.??.??"]
[Round "5"]
[White "Andonov, Bogomil"]
[Black "Kalesis, Nikolaos"]
[Result "1-0"]
[WhiteElo "2335"]
[BlackElo "2315"]

1.Nf3 Nf6 2.c4 c5 3.Nc3 b6 4.d4 cxd4 5.Nxd4 Bb7 6.f3 e6 7.e4 d6 8.Be2 a6
9.Be3 Be7 10.O-O O-O 11.Qd2 Qc7 12.Rfc1 Rc8 13.a4 Qd8 14.Bf1 Nc6 15.Nxc6 Bxc6
16.Ne2 Rab8 17.Nd4 Ba8 18.Rc2 Nd7 19.a5 bxa5 20.Qxa5 Qxa5 21.Rxa5 Nc5 22.Ra2 Bf6
23.Rd2 Rb6 24.Ne2 Rcb8 25.Nc3 Bxc3 26.bxc3 e5 27.Ra5 Rc6 28.Bxc5 dxc5 29.Rd5 Rbc8
30.Rxe5 Kf8 31.Rd5 Ke7 32.Be2 Bb7 33.Kf2 R6c7 34.Rd2 Rd7 35.Rb2 Rc6 36.Ke3 g5
37.g3 Bc8 38.f4 gxf4+ 39.gxf4 Rb7 40.Rxb7+ Bxb7 41.Bf3 Rc7 42.e5 Bc8 43.Bd5 Kd8
44.Ke4 Ke7 45.f5 Kd8 46.Ra1 Ra7 47.Ra5 Rc7 48.h4 Ke7 49.Ra1 Ra7 50.Rg1 a5
51.e6 a4 52.exf7 Bb7 53.Ke5  1-0

[Event "BUL-ch (Women)"]
[Site "Pernik"]
[Date "1992.??.??"]
[Round "2"]
[White "Chilingirova, Pavlina"]
[Black "Genova, Ruzka"]
[Result "1-0"]
[WhiteElo "2270"]
[BlackElo "2185"]

1.c4 Nf6 2.Nc3 c5 3.Nf3 g6 4.e4 d6 5.d4 cxd4 6.Nxd4 Bg7 7.Be2 Nc6 8.Be3 O-O
9.O-O a6 10.Re1 Rb8 11.Rc1 Nd7 12.Nb3 b6 13.f4 Nc5 14.Bf3 Nxb3 15.axb3 Bd7
16.Rc2 Na5 17.Rd2 Bc6 18.Nd5 Re8 19.e5 Bxd5 20.Bxd5 Qc8 21.exd6 exd6 22.Bf2 Rxe1+
23.Bxe1 Qc5+ 24.Bf2 Qb4 25.Rd3 Re8 26.Kf1 Bxb2 27.Be1 Qa3 28.f5 Re5 29.Rf3 Qa1
30.Qxa1 Bxa1 31.fxg6 hxg6 32.b4 Rxd5 33.cxd5 Nc4 34.Bc3 Bxc3 35.Rxc3 b5 36.Ke2 Kg7
37.Kd3 Kf6 38.Kd4 Kf5 39.Rc2 a5 40.Rxc4  1-0

[Event "BUL-ch (Women)"]
[Site "Pernik"]
[Date "1992.??.??"]
[Round "6"]
[White "Nestorova Petrova, Lozanka"]
[Black "Tomovska, Iliana"]
[Result "1-0"]
[WhiteElo "2065"]
[BlackElo "2020"]

1.c4 Nf6 2.Nf3 g6 3.Nc3 c5 4.g3 Nc6 5.Bg2 Bg7 6.d4 cxd4 7.Nxd4 O-O 8.O-O a6
9.Nc2 d6 10.b3 Bf5 11.e4 Bg4 12.f3 Be6 13.Be3 Nd7 14.Nd4 Nc5 15.Rc1 Nxd4
16.Bxd4 Bxd4+ 17.Qxd4 a5 18.Rfd1 Bd7 19.e5 Ra6 20.exd6 exd6 21.Nd5 f6 22.Re1 Ne6
23.Qc3 Nc7 24.f4 Bc6 25.Qd4 Rf7 26.Nxc7 Rxc7 27.Bd5+ Kg7 28.Re6 Bd7 29.Re3 b5
30.Rce1 Bc6 31.Bxc6 Raxc6 32.Re8 Qd7 33.cxb5 Rc2 34.b6 Qc6 35.R8e2 Rxe2 36.Rxe2 Rb7
37.Re6 Qxb6 38.Rxd6 Qxd4+ 39.Rxd4 Kf7 40.Kf2 Ke6 41.Ke3 Rb5 42.Ke4 g5 43.fxg5 fxg5
44.Kd3 Rf5 45.Kc3 Rc5+ 46.Rc4 Rf5 47.Kb2 Kd6 48.Ka3 h5 49.Rc2 g4 50.Ka4 Re5
51.a3 Kd7 52.b4 axb4 53.axb4 h4 54.gxh4 Rh5 55.b5 Rxh4 56.Ka5 Rh3 57.Ka6 g3
58.hxg3 Rxg3 59.b6 Ra3+ 60.Kb7 Rd3 61.Kb8 Rb3 62.b7 Ra3 63.Rd2+ Kc6  1-0

[Event "BUL-ch (Women)"]
[Site "Pernik"]
[Date "1992.??.??"]
[Round "8"]
[White "Aleksieva, Silvia"]
[Black "Savova, Stefka"]
[Result "1-0"]
[WhiteElo "2135"]
[BlackElo "2140"]

1.Nf3 Nf6 2.c4 g6 3.Nc3 c5 4.d4 cxd4 5.Nxd4 Bg7 6.e4 d6 7.Be2 Nc6 8.Be3 Qa5
9.O-O O-O 10.a3 Bd7 11.b4 Qd8 12.f3 Nh5 13.Rc1 Nxd4 14.Bxd4 Bh6 15.Rc2 Nf4
16.Re1 e5 17.Bf2 Qg5 18.Bf1 Nh3+ 19.Kh1 Nxf2+ 20.Rxf2 Rfd8 21.Nd5 Be6 22.Ne3 Qh4
23.g3 Qf6 24.Rd2 Rac8 25.Nd5 Qg7 26.Ne7+ Kf8 27.Nxc8 Bxd2 28.Qxd2 Bxc8 29.Kg2 Qf6
30.Rd1 a6 31.c5 Rd7 32.cxd6 Kg7 33.b5 Qe6 34.Qc2 Rd8 35.Qc7 Qd7 36.Qb8 axb5
37.Bxb5 Qh3+ 38.Kg1 Rd7 39.Bxd7 Qxd7 40.Rc1 Qe6 41.Rxc8 Qd7 42.Qc7 Qe6 43.d7 Qb3
44.d8=Q Qe3+ 45.Kg2 Qe2+ 46.Kh3  1-0

[Event "RUS-chT"]
[Site "Podolsk"]
[Date "1992.??.??"]
[Round "?"]
[White "Mitenkov, Alexey"]
[Black "Shipov, Sergei"]
[Result "1/2-1/2"]
[WhiteElo "2390"]
[BlackElo "2460"]

1.Nf3 Nf6 2.c4 c5 3.Nc3 e6 4.g3 b6 5.Bg2 Bb7 6.O-O Be7 7.d4 cxd4 8.Qxd4 d6
9.Rd1 a6 10.Bg5 Nbd7 11.Bxf6 Nxf6 12.Na4 b5 13.cxb5 axb5 14.Nc3 Bc6 15.a3 O-O
16.Qd3 Qb6 17.Nd4 Bxg2 18.Kxg2 b4 19.axb4 Qxb4 20.Nc6 Qb7 21.Qb5 Qc7 22.Nxe7+ Qxe7
23.Rxa8 Rxa8 24.Qc6 Rd8 25.b4 d5 26.b5 Nd7 27.b6 Qc5 28.Qxc5 Nxc5 29.Rc1 Kf8
30.Nb5 Nb7 31.Rc7 Rb8  1/2-1/2

[Event "RUS-chT"]
[Site "Podolsk"]
[Date "1992.??.??"]
[Round "?"]
[White "Mitenkov, Alexey"]
[Black "Sergienko, Sergey"]
[Result "1/2-1/2"]
[WhiteElo "2390"]
[BlackElo "2370"]

1.Nf3 Nf6 2.c4 c5 3.Nc3 d5 4.cxd5 Nxd5 5.e3 Nxc3 6.bxc3 g6 7.d4 Bg7 8.Be2 O-O
9.O-O Nd7 10.a4 Qc7 11.Ba3 b6 12.Rc1 Bb7 13.Qb3 e6 14.Rfd1 Rfd8 15.h3 Rac8  1/2-1/2

[Event "Policka"]
[Site "Policka"]
[Date "1992.??.??"]
[Round "?"]
[White "Konopka, Michal"]
[Black "Hlavnicka, Jiri"]
[Result "0-1"]
[WhiteElo "2350"]
[BlackElo "2275"]

1.Nf3 Nf6 2.c4 c5 3.Nc3 d5 4.cxd5 Nxd5 5.g3 Nc6 6.Bg2 Nc7 7.d3 e5 8.O-O Be7
9.Nd2 Bd7 10.Nc4 O-O 11.Bxc6 Bxc6 12.Nxe5 Be8 13.Qb3 b6 14.f4 Bf6 15.Be3 Bxe5
16.fxe5 Bc6 17.Rf5 Ne6 18.Qc4 Qd7 19.Raf1 Rae8 20.Qh4 Nd4 21.Rg5 g6 22.Rf6 Re6
23.Rf4 f6 24.Rgg4 Nxe2+ 25.Nxe2 Qxd3 26.Qh6 Qxe3+ 27.Kf1 f5 28.Rh4 Rf7  0-1

[Event "Porz op28"]
[Site "Porz"]
[Date "1992.??.??"]
[Round "7"]
[White "Preuschoff, Michael"]
[Black "Schoen, Wolfram"]
[Result "1-0"]
[WhiteElo "2270"]
[BlackElo "2365"]

1.Nf3 Nf6 2.c4 c5 3.Nc3 d5 4.cxd5 Nxd5 5.d4 Nxc3 6.bxc3 g6 7.Bf4 Bg7 8.e3 O-O
9.Be2 Nd7 10.O-O b6 11.Qb3 Bb7 12.Rfd1 Qc8 13.a4 Ba6 14.Bb5 Bxb5 15.axb5 a5
16.bxa6 Rxa6 17.Rac1 Qb7 18.h4 h6 19.d5 b5 20.Rb1 Rb6 21.e4 b4 22.c4 Ra8
23.Qe3 Ra3 24.Qe2 Qa6 25.e5 Rc3 26.e6 fxe6 27.d6 exd6 28.Qxe6+ Kh7 29.Qxd7 Qxc4
30.Bxd6 Rd3 31.Be5 Rxd7 32.Rxd7 Kg8 33.Rxg7+ Kf8 34.Rd1 Re6 35.Rh7 Ke8 36.Bc7  1-0

[Event "Prague DDM-B"]
[Site "Prague"]
[Date "1992.??.??"]
[Round "1"]
[White "Freisler, Pavel"]
[Black "Laux, Tino"]
[Result "1/2-1/2"]
[WhiteElo "2415"]
[BlackElo "2320"]

1.Nf3 Nf6 2.c4 c5 3.Nc3 b6 4.g3 Bb7 5.Bg2 e6 6.O-O d6 7.d4 cxd4 8.Qxd4 a6
9.Be3 Nbd7 10.Ng5 Bxg2 11.Kxg2 Be7 12.Nge4 Qc7 13.Rfd1 O-O 14.Nxd6 Rad8 15.Nde4 Ng4
16.Nd2 f5 17.Nb3 g5 18.Qd2 Nde5  1/2-1/2

[Event "Prague DDM-C"]
[Site "Prague"]
[Date "1992.??.??"]
[Round "2"]
[White "Liebert, Heinz"]
[Black "Jurek, Josef"]
[Result "1/2-1/2"]
[WhiteElo "2380"]
[BlackElo "2305"]

1.c4 Nf6 2.Nf3 c5 3.Nc3 e6 4.g3 b6 5.Bg2 Bb7 6.O-O Be7 7.e3 O-O 8.d4 cxd4
9.exd4 Qc8 10.Qe2 d5 11.b3 Nc6 12.Bb2 dxc4 13.bxc4 Na5 14.Ne5 Bxg2 15.Kxg2 Qb7+  1/2-1/2

[Event "Bohemians-B"]
[Site "Prague"]
[Date "1992.??.??"]
[Round "10"]
[White "Znamenacek, Kvetoslav"]
[Black "Wohlfahrt, Herbert J"]
[Result "1/2-1/2"]
[WhiteElo "2335"]
[BlackElo "2230"]

1.c4 e6 2.Nc3 c5 3.Nf3 Nf6 4.g3 b6 5.Bg2 Bb7 6.O-O Be7 7.d4 cxd4 8.Qxd4 d6
9.Rd1 a6 10.b3 Nbd7 11.e4 Qc7 12.Ba3 Nc5 13.e5 dxe5 14.Qxe5 Rc8 15.Qxc7 Rxc7
16.Bxc5 Bxc5 17.Na4 Ke7 18.Ne5 Bxg2 19.Kxg2 Nd7 20.Nxd7 Rxd7 21.Nxc5 bxc5
22.Rxd7+ Kxd7 23.Kf3 Kc6 24.Rd1 a5 25.Ke4 Ra8 26.Rd3 a4 27.Rd2 axb3 28.axb3 Ra1
29.Kd3 Rb1 30.Kc3 Rc1+ 31.Kb2 Rf1 32.h4 Kc7 33.Kc3 Rc1+ 34.Kd3 Rb1 35.Kc2 Rf1
36.Kb2 h5 37.Kc3 Rc1+ 38.Kd3 Rb1 39.Kc2 Ra1 40.Kb2 Rf1 41.Re2 Kd6 42.Rc2 Kc6
43.Kc3 Rb1 44.Ra2 Rc1+ 45.Kd2 Rf1 46.Ke2 Rb1 47.Ra7 Rb2+ 48.Kf1 Rxb3 49.Rxf7 Rb7
50.Rf4 Kd6 51.Ke2 Ke5 52.Kd3 Ra7 53.Re4+ Kf5 54.Rf4+ Ke5 55.Re4+ Kf5  1/2-1/2

[Event "Reno op"]
[Site "Reno"]
[Date "1992.??.??"]
[Round "3"]
[White "Shabalov, Alexander"]
[Black "Kudrin, Sergey"]
[Result "0-1"]
[WhiteElo "2525"]
[BlackElo "2580"]

1.Nf3 Nf6 2.c4 c5 3.Nc3 b6 4.e4 d6 5.d4 cxd4 6.Nxd4 Bb7 7.Bd3 g6 8.O-O Bg7
9.b3 O-O 10.Bb2 Nbd7 11.Qe2 a6 12.Kh1 Re8 13.Rad1 e6 14.Bb1 Qc7 15.f4 Rad8
16.Nf3 Nh5 17.Qd2 Ndf6 18.Ng5 Ng4 19.Rde1 h6 20.Nf3 d5 21.e5 dxc4 22.Nd4 Qe7
23.Ne4 Qh4 24.h3 Bxe4 25.Bxe4 Ng3+ 26.Kg1 Nxf1 27.Kxf1 Nxe5 28.fxe5 Bxe5
29.Kg1 Bxd4+  0-1

[Event "EU-ch U16"]
[Site "Rimavska Sobota"]
[Date "1992.??.??"]
[Round "?"]
[White "Ruck, Robert"]
[Black "Musat, Adrian"]
[Result "1/2-1/2"]
[WhiteElo "2325"]
[BlackElo "2285"]

1.c4 c5 2.Nf3 Nf6 3.Nc3 e6 4.g3 d5 5.cxd5 Nxd5 6.Bg2 Nc6 7.O-O Be7 8.d4 O-O
9.Nxd5 exd5 10.dxc5 Bxc5 11.b3 Bf5 12.Bb2 Be4 13.Rc1 Qe7 14.Qd2 Bb6 15.Rfd1 Rfe8
16.Bc3 Rad8 17.e3 f6 18.Bd4 Bxf3 19.Bxf3 Nxd4  1/2-1/2

[Event "Rishon Le Ziyyon"]
[Site "Rishon Le Ziyyon"]
[Date "1992.??.??"]
[Round "4"]
[White "Khasin, Alexander"]
[Black "Veinger, Itzchak"]
[Result "1/2-1/2"]
[WhiteElo "2460"]
[BlackElo "2380"]

1.Nf3 c5 2.c4 Nf6 3.Nc3 g6 4.d4 cxd4 5.Nxd4 Bg7 6.g3 Nc6 7.Bg2 O-O 8.Nc2 d6
9.O-O Qa5 10.Ne3 Qh5 11.Ncd5 Nxd5 12.Nxd5 Rb8 13.Rb1 g5 14.b4 Re8 15.Bb2 Bf5
16.Bxg7 Bxb1 17.Ba1 Bf5 18.f4 gxf4 19.gxf4 f6 20.b5 Kf7 21.bxc6 bxc6 22.Ne3 Rb1
23.Qd2 Rxf1+ 24.Nxf1 Bd7 25.Bd4 a6 26.Ng3 Qg6 27.Be4 Qh6 28.Qd3 Qxf4 29.Bxh7 Qg4
30.Be4 Rh8 31.Bg2 Qh4 32.Nf1 Qg4 33.Bf2 Bf5 34.e4 Rg8 35.Bg3 Be6 36.Ne3 Qg5
37.Nf5 Qc1+ 38.Bf1 Rb8 39.Qf3 Bxc4 40.Ne3 Bxf1 41.Qh5+ Ke6 42.Qf5+ Kf7  1/2-1/2

[Event "Rishon Le Ziyyon"]
[Site "Rishon Le Ziyyon"]
[Date "1992.??.??"]
[Round "5"]
[White "Greenfeld, Alon"]
[Black "Kaspi, Alexander"]
[Result "1-0"]
[WhiteElo "2535"]
[BlackElo "2425"]

1.Nf3 Nf6 2.c4 e6 3.Nc3 c5 4.g3 b6 5.Bg2 Bb7 6.O-O d6 7.Re1 Nbd7 8.e4 a6
9.d4 cxd4 10.Nxd4 Qc7 11.Be3 Be7 12.f4 O-O 13.Rc1 Rac8 14.g4 Qb8 15.g5 Ne8
16.f5 e5 17.f6 Bxf6 18.gxf6 exd4 19.fxg7 Nxg7 20.Bxd4 Ne5 21.Nd5 Bxd5 22.exd5 f5
23.Qb3 Kh8 24.Kh1 Rf7 25.Rc3 Re8 26.Qxb6 Rb7 27.Qxa6 Rxb2 28.Rb3 Rxb3 29.axb3 Nh5
30.c5 Qb4 31.Qa1 Kg8 32.cxd6 Nf4 33.Rxe5  1-0

[Event "Roses"]
[Site "Roses"]
[Date "1992.??.??"]
[Round "3"]
[White "Cuadras, Jorge"]
[Black "Suba, Mihai"]
[Result "0-1"]
[WhiteElo "2320"]
[BlackElo "2520"]

1.c4 Nf6 2.Nc3 c5 3.Nf3 e6 4.g3 b6 5.Bg2 Bb7 6.O-O a6 7.b3 Be7 8.d4 cxd4
9.Qxd4 d6 10.Ba3 Nc6 11.Qd2 Qc7 12.Rac1 Na7 13.Rfd1 Rd8 14.Qf4 O-O 15.Nd2 Bxg2
16.Kxg2 Rd7 17.Nde4 Rfd8 18.Kg1 Ne8 19.Ng5 Bf8 20.Bb2 h6 21.Nf3 Qb7 22.g4 g6
23.Ne4 e5 24.Qe3 Bg7 25.g5 h5 26.Nc3 b5 27.Nd5 Nc8 28.Nd2 Ne7 29.Ne4 bxc4
30.Nxe7+ Rxe7 31.Rxc4 d5 32.Ra4 Qc8 33.Ng3 Nc7 34.Rc1 Qh3 35.Nf1 Qe6 36.Qc5 d4
37.Qc6 Qg4+ 38.Qg2 Qxe2 39.Ba3 Red7 40.Ng3 Qxa2 41.Be7 Qxb3 42.Bxd8 Qxa4
43.Bxc7 d3 44.Qf3 d2 45.Rd1 Rxc7 46.Rxd2 Qf4 47.Rd8+ Kh7 48.Qd3 h4  0-1

[Event "San Luis op"]
[Site "San Luis"]
[Date "1992.??.??"]
[Round "6"]
[White "Panno, Oscar"]
[Black "Szmetan, Jorge"]
[Result "1/2-1/2"]
[WhiteElo "2465"]
[BlackElo "2400"]

1.Nf3 Nf6 2.c4 c5 3.Nc3 b6 4.e4 Bb7 5.Qe2 Nc6 6.g3 d6 7.Bg2 g6 8.Nd5 Bg7
9.d3 Nd7 10.Bg5 h6 11.Be3 e6 12.Nc3 Nde5 13.Nxe5 dxe5 14.O-O h5 15.a3 h4
16.Rab1 Bf8 17.Na2 hxg3 18.hxg3 a5 19.Nc3 Be7 20.Bf3 Qd7 21.Kg2 O-O-O 22.Rbd1 f5
23.Nb5 g5 24.g4 f4 25.Bd2 Qxd3 26.Qxd3 Rxd3 27.Bc3 Rxd1 28.Bxd1 Nd4 29.f3 Kd7
30.Rh1 Rxh1 31.Kxh1 Bd6 32.Kg2 Ke7  1/2-1/2

[Event "Santiago op"]
[Site "Santiago de Chile"]
[Date "1992.??.??"]
[Round "3"]
[White "Scarella, Enrique"]
[Black "Vasquez, Rodrigo"]
[Result "1-0"]
[WhiteElo "2255"]
[BlackElo "2475"]

1.c4 c5 2.Nf3 Nf6 3.Nc3 b6 4.g3 Bb7 5.Bg2 e6 6.O-O d6 7.Re1 Be7 8.e4 a6 9.d4 cxd4
10.Nxd4 Qc7 11.Be3 O-O 12.Rc1 Nbd7 13.f4 Rac8 14.b3 Rfe8 15.f5 Bf8 16.fxe6 fxe6
17.Bh3 Kf7 18.Rf1 Qd8 19.Qh5+ Kg8 20.Qh4 Nxe4 21.Bxe6+ Rxe6 22.Qxd8 Rxd8
23.Nxe6 Re8 24.Nxf8 Nxf8 25.Nxe4 Rxe4 26.Rce1 b5 27.Bf4 d5 28.cxd5 Bxd5 29.Rxe4 Bxe4
30.Re1 Bf5 31.Re8 Kf7 32.Ra8 Ne6 33.Ra7+ Kf6 34.Rxa6 g5 35.Bd2 Ke5 36.Rb6 Bd3
37.a4 bxa4 38.bxa4 Kd5 39.a5 Nc5 40.Bxg5  1-0

[Event "Candidats (Women) Tournament"]
[Site "Shanghai"]
[Date "1992.??.??"]
[Round "15"]
[White "Polgar, Zsuzsa"]
[Black "Maric, Alisa"]
[Result "1/2-1/2"]
[WhiteElo "2540"]
[BlackElo "2390"]

1.c4 c5 2.Nf3 Nf6 3.Nc3 e6 4.g3 b6 5.Bg2 Bb7 6.O-O Nc6 7.e4 d6 8.d4 cxd4
9.Nxd4 Nxd4 10.Qxd4 Be7 11.b3 O-O 12.Ba3 Qb8 13.Rfd1 Rd8 14.Rd2 Bc6 15.Rad1 a6
16.Qe3 Ra7 17.h3 Ne8 18.Kh2 Rc8 19.f4 b5 20.cxb5 axb5 21.Bb4 h6 22.Rc2 Bf8
23.Rcd2 Qb7 24.Bf1 Raa8 25.Bg2 Ra6 26.Ne2 Rca8 27.a3 Nf6 28.Nc3 d5 29.exd5 Nxd5
30.Nxd5 Bxd5 31.Bxd5 exd5 32.Rxd5 Bxb4 33.axb4 Ra2+ 34.R5d2 Qd5 35.h4 R8a3
36.Kh3 Rxd2 37.Rxd2 Qxb3 38.Qe1 Ra8 39.Re2 Qd5 40.Re8+ Rxe8 41.Qxe8+ Kh7
42.Qe1 h5 43.Kh2 Qa2+ 44.Kg1 Qc4  1/2-1/2

[Event "Shenzhen"]
[Site "Shenzhen"]
[Date "1992.??.??"]
[Round "5"]
[White "Ye Rongguang"]
[Black "Antonio, Rogelio Jr"]
[Result "1/2-1/2"]
[WhiteElo "2540"]
[BlackElo "2520"]

1.c4 c5 2.Nf3 Nf6 3.Nc3 e6 4.e3 d5 5.d4 cxd4 6.Nxd4 a6 7.cxd5 Nxd5 8.Bd2 Nf6
9.Qb3 Nbd7 10.Be2 Nc5 11.Qc2 e5 12.Nb3 Be6 13.Nxc5 Bxc5 14.Bf3 Rb8 15.Ne4 Be7
16.Rd1 Qb6 17.Nxf6+ gxf6 18.Be4 Kf8 19.b3 h5 20.O-O Rc8 21.Qb1 h4 22.h3 Rg8
23.Kh1 Bb4 24.Bxb4+ Qxb4 25.Bd5 Bxd5 26.Rxd5 Rg6 27.Qf5 Qc3 28.Rfd1 Kg7 29.Rd7 Rc7
30.Rd8 Qc6 31.e4 Rg5 32.Qf3 f5 33.R8d5 f4 34.Qe2 Qb6 35.Rd6 Qb4 36.Kh2 Rc3
37.Qe1 Qc5 38.R6d3 Rc2 39.R3d2 Rg6 40.Qe2 Rc3 41.Qh5 Qe7 42.Rd8 Rh6 43.Qg4+ Rg6
44.Qh5 Rh6 45.Rg8+ Kxg8 46.Qxh6 Rc6 47.Qh5 Rg6 48.Rc1 Kg7 49.Rc8 Rh6 50.Qg4+ Rg6
51.Qh5 Rh6 52.Rg8+ Kxg8 53.Qxh6 Qd8 54.b4 Qd4 55.Qxh4 Qxe4 56.Qg5+ Kh7 57.Qh5+ Kg7
58.Qg5+ Kh7 59.a3 Qe1 60.Qh5+ Kg7 61.Qg5+ Kh7 62.f3 b5 63.h4 f6 64.Qh5+ Kg7
65.Qg4+ Kh6 66.h5 Qg3+ 67.Qxg3 fxg3+ 68.Kxg3 Kxh5 69.Kf2  1/2-1/2

[Event "SLO-ch"]
[Site "?"]
[Date "1992.??.??"]
[Round "?"]
[White "Sifrer, Darko"]
[Black "Grosar, Aljosa"]
[Result "0-1"]
[WhiteElo "2355"]
[BlackElo "2415"]

1.Nf3 Nf6 2.c4 c5 3.Nc3 d5 4.cxd5 Nxd5 5.e4 Nb4 6.Bb5+ N8c6 7.d4 cxd4 8.a3 Bd7
9.axb4 dxc3 10.bxc3 g6 11.Be3 Bg7 12.Rc1 O-O 13.O-O Rc8 14.Qd2 Bg4 15.Nd4 Ne5
16.f3 Bd7 17.Be2 Nc4 18.Bxc4 Rxc4 19.Qa2 Qc7 20.Qxa7 Rxc3 21.Ne2 Rc4 22.Qa2 Be6
23.Rxc4 Qxc4 24.Qxc4 Bxc4 25.Kf2 Rd8 26.Rc1 b5 27.Rc2 f5 28.exf5 gxf5 29.Rd2 Ra8
30.f4 Ra1 31.Bc5 Kf7 32.Nd4 Rf1+ 33.Kg3 e5 34.Nxf5 exf4+ 35.Kh4 Bc3 36.Nd6+ Kg6
37.Nxc4 bxc4 38.Rd6+ Bf6+ 39.Kg4 h5+ 40.Kh3 Kf5 41.Bd4 Be5 42.Bxe5 Kxe5 43.Rh6 c3
44.Rxh5+ Kd4 45.Rc5 Rb1  0-1

[Event "SLO-ch"]
[Site "?"]
[Date "1992.??.??"]
[Round "?"]
[White "Jelen, Iztok"]
[Black "Mikac, Matjaz"]
[Result "1/2-1/2"]
[WhiteElo "2430"]
[BlackElo "2425"]

1.Nf3 g6 2.c4 c5 3.Nc3 Nf6 4.e3 Bg7 5.d4 O-O 6.Be2 cxd4 7.exd4 d5 8.O-O Nc6
9.Bg5 Ne4 10.Bh4 Be6 11.Nxe4 dxe4 12.d5 exf3 13.Bxf3 Bd7  1/2-1/2

[Event "SLO-ch"]
[Site "?"]
[Date "1992.??.??"]
[Round "?"]
[White "Mohr, Georg"]
[Black "Osterman, Rudolf"]
[Result "1/2-1/2"]
[WhiteElo "2415"]
[BlackElo "2370"]

1.c4 c5 2.Nf3 Nf6 3.Nc3 e6 4.g3 b6 5.Bg2 Bb7 6.O-O Be7 7.d4 cxd4 8.Qxd4 d6
9.Bg5 a6 10.Bxf6 Bxf6 11.Qd3 Ra7 12.Rfd1 Be7 13.Nd4 Bxg2 14.Kxg2 O-O 15.f4 g6  1/2-1/2

[Event "SLO-ch"]
[Site "?"]
[Date "1992.??.??"]
[Round "?"]
[White "Barle, Janez"]
[Black "Gostisa, Leon"]
[Result "1-0"]
[WhiteElo "2455"]
[BlackElo "2410"]

1.Nf3 Nf6 2.c4 e6 3.Nc3 c5 4.e3 d5 5.d4 Nc6 6.cxd5 exd5 7.Bb5 cxd4 8.Nxd4 Bd7
9.O-O Bd6 10.Nf3 Bg4 11.Be2 O-O 12.b3 a6 13.Bb2 Bc7 14.Rc1 Qd6 15.g3 Rfe8
16.Nd4 Bh3 17.Re1 Ba5 18.a3 Bxc3 19.Rxc3 Ne4 20.Rc2 Ne5 21.Bf1 Qh6 22.Bxh3 Qxh3
23.f3 Nd6 24.Rd2 h5 25.Qe2 Rac8 26.Qg2 Qd7 27.f4 Ng4 28.Qxd5 Rxe3 29.Rxe3 Nxe3
30.Qxh5 Ne4 31.Qf3 Nxd2 32.Qxe3 Nb1 33.Qd3 Nxa3 34.Bxa3 Qd5 35.Bb2 Rd8 36.Qe3 Qc5
37.f5 f6 38.Kg2 Kh7 39.g4 Rd5 40.Qc3 Qd6 41.Qe3 b5 42.h4 Re5 43.Qf3 Qd8 44.g5 fxg5
45.Qh5+ Kg8 46.hxg5 Qa5 47.Nf3 Qa2 48.Nxe5 Qxb2+ 49.Kh3 Qxe5 50.Qf3 a5 51.Kg4 Qd4+
52.Kh5 Qd6 53.Qa8+ Qf8 54.Qe4 a4 55.bxa4 bxa4 56.g6 a3 57.Kg4 Qd8 58.Qc4+ Kh8
59.Qb3 Qd4+ 60.Kh3 Qd8 61.Qxa3 Qe8 62.Qb3 Qa8 63.Qe3 Kg8 64.Qe6+ Kh8 65.Qe2 Qa3+
66.Kg4  1-0